000 00744nam a22002532a 4500
001 33074
003 BD-RjUL
005 20211209051936.0
008 140430s1955 nyu 000 0 eng d
035 _aOCLC ocm17534830 from D960726M
_a(BD-RjUL)33165
040 _aASZ
_cASZ
_dVYM
_dEQO
_dBD-RjUL
_beng
041 _aeng
082 _a184
_bPLP 1955
090 _aPA4279
_b.A23 1927
100 0 _aPlato.
_9100509
245 1 0 _aPlato :
_bselections /
_cedited by Raphael Demos
260 _aNew York :
_bScribner's,
_cc1955.
300 _a448 p. ;
_c17 cm
490 1 _aModern student's library
650 0 _aPhilosophy, Ancient
_9100510
700 1 0 _aDemos, Raphael .
_9100511
830 0 _aModern student's library
_9100518
942 _2ddc
_cBK
999 _c33074
_d33074